01753nam a2200349 i 4500001001000000003000900010005001700019007000300036008004100039040003000080041000800110082001900118100005200137245015700189264005700346300005000403336002700453337003300480338002800513490002700541504003300568590002600601700002700627830003600654910000700690942001400697952012800711952018600839952011901025952024201144999001701386000027963DO-SdBNP20241121101720.0ta110406s1973 dr ab 000 0 spa d aDO-SdBNPbspacBNPHUerda hspa axxxbV443p2221 aVeloz Maggiolo, Marcio,d1936-2021eautor9110410aEl preceramico de Santo Domingo, nuevos lugares, y su posible relación con otros puntos del área antillana /cMarcio Veloz Maggiolo, Elpidio Ortega. aSanto Domingo :bMuseo del Hombre Dominicano,c1973. a61 páginas :bilustraciones mapas ;c27 cm. ardacontentbtexto2txt ardamediabsin mediación2n ardacarrierbvolumen2nc1 aPapeles ocasionalesv1 aBibliografía : página 14 aInventariado, 2024/DG1 aOrtega, Elpidio916002 0aPapeles ocasionales ;v1955032 aDG 2ddccLBS1 001054708DSaGRbGRcCTd2011-07-19iLF1l0oxxx V443pp27963-30r2020-06-25te. 3w2020-06-25yLFDSZPréstamo en sala 0010718PDaPDbPDcHDd2011-04-06iLF1l0oxxx V443pp27963-10r2020-06-25w2020-06-25yLFPDzPerteneció a la biblioteca personal de Aída Cartagena Portalatín.ZNo se presta 0010718PDaPDbPDcCTd2011-07-12iLF1l0oxxx V443pp27963-20r2020-06-25te. 2w2020-06-25yLFPDZNo se presta 00102ddc56708DSaBNPHUbBNPHUcCTd2024-11-21eDonado por la Presidencia de la República Dominicana 2023l0oBNPHU DS V443pp2024-6535r2024-11-21te.4w2024-11-21yLBS1zPertenecio a la biblioteca personal de Emilio Cordero Michel c27455d27455